| 000 | 01058nam0a22003011 4500 | ||
|---|---|---|---|
| 001 | rc\4343818 | ||
| 005 | 20250611160749.0 | ||
| 021 |
_aRU _b[59-19811] |
||
| 035 | _a(NLR Aleph) 008275559 | ||
| 090 |
_a8483742 _c8483742 |
||
| 100 | _a20130416d1959 |||y0rusy50 ca | ||
| 101 | 0 | _arus | |
| 102 | _aRU | ||
| 105 | _aa z ||||| | ||
| 200 | 1 | _aБеюк Ага Мешади-оглы Мирза-заде | |
| 210 |
_a[Москва _cСов. художник] _d1959 |
||
| 215 |
_a57 с., 3 л. ил. _cил. _d21 |
||
| 300 | _aНа переплете авт. не указан | ||
| 300 | _aНа переплете загл.: Мирза-заде | ||
| 517 | 0 | _aМирза-заде | |
| 700 | 1 |
_7ca _8rus _aГабибов _bН. Д. оглы _f1923-2006 _gНуреддин Давуд оглы _9218910 _3RU\NLR\AUTH\770218966 |
|
| 702 | 1 |
_aМирза-заде _bБ.А.М. оглы _gБеюк Ага Мешади оглы _4570 |
|
| 801 | 0 |
_aRU _bNLR _gpsbo |
|
| 801 | 1 |
_aRU _bELAR _2rusmarc |
|
| 852 |
_aNLR _j59-6/3678 |
||
| 942 | _cBOOK | ||
| 980 | _aNB | ||